Moderné prístupy marketingu a ich aplikácia v podmienkach vybraného podniku diplomová práca

Enregistré dans:
Détails bibliographiques
Auteur principal: Balokha, Anastasiia
Collectivité auteur: Fakulta podnikového manažmentu EU. Katedra podnikovohospodárska
Autres auteurs: Grančičová, Katarína, 1967-
Format: Livre
Langue:slovaque
Publié: Bratislava 2025
Tags: Ajouter un tag
Pas de tags, Soyez le premier à ajouter un tag!

MARC

LEADER 00000nbm a2200000 4500
001 0310021
005 20251211112643.4
041 0 |a slo 
044 |a SK 
245 1 0 |a Moderné prístupy marketingu a ich aplikácia v podmienkach vybraného podniku  |b diplomová práca  |c Anastasiia Balokha ; školiteľ: Katarína Grančičová 
264 1 |a Bratislava  |c 2025 
300 |a 80 s. 
100 1 |a Balokha, Anastasiia 
700 1 |a Grančičová, Katarína, 1967- 
710 2 |a Fakulta podnikového manažmentu EU. Katedra podnikovohospodárska